Dějiny hutníctví železa v Československu 2 Od průmyslové revoluce do konce 2. světové války

Gespeichert in:
Bibliographische Detailangaben
Format: Buch
Sprache:Tschechisch
Veröffentlicht: Praha Academia 1986
Ausgabe:1. vyd.
Tags: Tag hinzufügen
Keine Tags, Fügen Sie das erste Tag hinzu!

MARC

LEADER 00000nam a2200000 4500
001 c027532
005 20221207071659.8
041 0 |a cze 
044 |a CZ 
245 1 0 |a Dějiny hutníctví železa v Československu 2  |b Od průmyslové revoluce do konce 2. světové války 
250 |a 1. vyd. 
264 1 |a Praha  |b Academia  |c 1986 
300 |a 377 s.